000 01231nam a22003497a 4500
001 1458
003 DO-SdBNP
005 20171109122941.0
007 1458
008 160921b 2007 ck |||| |||| 00| 0 spa d
020 _a9788203155
040 _aBPMSU
_bspa
_cBPMSU
082 4 _a581.634
_bM294c
100 _a
245 _a Manual curativo con frutas y plantas medicinales :
_b verduras y bebidas que curan /
_ceditor Felipe Durán Ramírez ; colaboradores Esleider Moncada Durango ... [et al.] ; fotografía Felipe Durán Ramírez, Jaime Durán Naranjo, Luis Felipe Durán Naranjo.
250 _a2.ed.
260 _aBogotá :
_b Grupo Latino Editores,
_c2007.
300 _a686 p. :
_b il. ;
_c 28 cm.
440 _p
504 _aIncluye bibliografía.
650 4 _aPLANTAS MEDICINALES
650 4 _aFRUTOTERAPIA
_xMANUALES
650 4 _aNUTRICIÓN
700 1 2 _aDurán Ramírez, Felipe
_eed.
700 1 2 _aMoncada Durango, Esleider.
_ecolab.
700 1 2 _aDurán Naranjo, Luis Felipe,
_efot.
700 1 2 _aDurán Naranjo, Jaime
_efot.
910 _aValidado. Control de calidad MFF
942 _2ddc
_cBK
945 _aInventariado extranjero / 2017 VM
956 _aVMATEO
_b10
_c20160921
_dBPMSU
_f0069
999 _c11481
_d11481